01420cam a22003138i 450000100090000000300050000900500170001400800410003101000170007202000300008904000230011904200080014205000240015008200110017408400230018510000260020824502030023425000170043726000360045426300090049030000460049950000510054552001520059665000470074870000210079570000280081677601780084485600840102218642012SISC20161115105134.0150603s2016 mau b 001 0 eng  a 2015019386 a9781118773208 (paperback) aDLCbengcDLCerda apcc00aRC 467.8b.B37 201600a616.89 aPSY0070002bisacsh1 aBarker, Chris,d1948-10aResearch methods in clinical psychology :ban introduction for students and practitioners /cChris Barker and Nancy Pistrang, University College London and Robert Elliott, University of Strathclyde. a3rd edition. aUK :bJohn Wiley & Sons,c2016. a1508 axii, 293 pages :billustrations ;c23 cm. aIncludes bibliographical references and index. a"Offers a comprehensive introduction to the various methods, approaches, and strategies for conducting research in the clinical psychology field"-- 7aPSYCHOLOGY / Clinical Psychology.2bisacsh1 aPistrang, Nancy.1 aElliott, Robert,d1950-08iOnline version:aBarker, Chris, 1948-tResearch methods in clinical psychologybThird edition.dMalden, MA : John Wiley and Sons, Inc., 2016z9781118773178w(DLC) 2015022392423Cover imageuhttp://catalogimages.wiley.com/images/db/jimages/9781118773208.jpg